Normal view
MARC view
- كرة القم للناشيئين -الرياضة
Entry Topical Term
001 - CONTROL NUMBER
- control field: 17498
003 - CONTROL NUMBER IDENTIFIER
- control field: JO-AjAnu
005 - DATE AND TIME OF LATEST TRANSACTION
- control field: 20230606073105.0
008 - FIXED-LENGTH DATA ELEMENTS
- fixed length control field: 230606|| aca||aabn | a|a d
040 ## - CATALOGING SOURCE
- Original cataloging agency: JO-AjAnu
- Transcribing agency: JO-AjAnu
150 ## - HEADING--TOPICAL TERM
- Topical term or geographic name entry element: كرة القم للناشيئين -الرياضة
670 ## - SOURCE DATA FOUND
- Source citation: Work cat.: (JO-AjAnu)8983: مختار، حنفي محمود, author 17497, كرة القدم للناشيئين